| 000 | 00650nam a22002057a 4500 | ||
|---|---|---|---|
| 005 | 20251108164723.0 | ||
| 008 | 250721s1994 xx 000 0 ara d | ||
| 082 | 1 | 4 | _a415/مرز |
| 100 | 1 | _aالأصفهاني، أبو علي أحمد بن محمد المرزوقي | |
| 245 | 1 | 0 | _aألفاظ الشمول و العموم / |
| 264 | 1 |
_aبيروت : _bدار الجيل، _c1994. |
|
| 300 | _a72ص | ||
| 650 | 1 | 7 | _aاللغة العربية |
| 650 | 1 | 7 | _aقواعد اللغة |
| 650 | 1 | 7 | _aعلم الصرف |
| 650 | 1 | 7 | _aالألفاظ |
| 700 | 1 |
_aالعطية، خليل إبراهيم _eتحقيق |
|
| 942 |
_2ddc _cBK |
||
| 999 |
_c12704 _d12704 |
||